000
00273nam a2200097Ia 4500
082
_a
J R 031 NEWB
245
0
_a
Complete A-Z geography handbook
100
_a
SKINNER, Malcolm London, 2003 3rd ed
_9
80057
942
_c
BK
008
210817s9999 xx 000 0 und d
999
_c
280266
_d
280264